00535nam a2200193Ia 450000500170000000800410001702000150005808200220007324500230009526000380011830000170015665000080017365000130018165000100019470000180020494200060022295200980022899900150032620250120021406.0240331s9999 xx 000 0 und d a0415916267 bDIG22712a305.32 0aMen Doing Feminism aNew YorkaLondonbRoutledgec1998 axiv, 359 p., aMen aFeminism aWomen aDigby, Teedt cL 001040708LaWERCLbWERCLcSSCd2024-03-31l0o 305.32 MENp2712r2024-03-31w2024-03-31yL c1620d1620